Las variaciones de la moneda y de los precios (Record no. 100487)
[ view plain ]
| 000 -LEADER | |
|---|---|
| campo de control de longitud fija | 00613nam a2200169 i 4500 |
| 001 - NÚMERO DE CONTROL | |
| campo de control | 100487 |
| 003 - IDENTIFICADOR DE NÚMERO DE CONTROL | |
| campo de control | ES-MaACL |
| 005 - FECHA Y HORA DE LA ÚLTIMA TRANSACCIÓN | |
| campo de control | 20230906182702.0 |
| 007 - CAMPO FIJO DE DESCRIPCIÓN FÍSICA--INFORMACIÓN GENERAL | |
| campo de control de longitud fija | t| |
| 008 - DATOS DE LONGITUD FIJA--INFORMACIÓN GENERAL | |
| campo de control de longitud fija | 050928s1965 sp ||||1| spa d |
| 100 1# - ENTRADA PRINCIPAL--NOMBRE DE PERSONA | |
| Nombre de persona | Massonnat, Paul. |
| 9 (RLIN) | 78853 |
| 245 14 - MENCIÓN DEL TÍTULO | |
| Título | Las variaciones de la moneda y de los precios |
| Resto del título | : repercusiones en la contabilidad y en el funcionamiento de las empresas / |
| Mención de responsabilidad, etc. | Paul Massonnat; [traducción y revisión Enrique Arderiu Gras]. |
| 260 ## - PUBLICACIÓN, DISTRIBUCIÓN, ETC. | |
| Lugar de publicación, distribución, etc. | Barcelona : |
| Nombre del editor, distribuidor, etc. | Sagitario, |
| Fecha de publicación, distribución, etc. | 1965. |
| 300 ## - DESCRIPCIÓN FÍSICA | |
| Extensión | 300 p. ; |
| Dimensiones | 22 cm. |
| 700 1# - ENTRADA AGREGADA--NOMBRE PERSONAL | |
| Nombre de persona | Arderiu Gras, Enrique. |
| 9 (RLIN) | 22535 |
| 852 ## - LOCALIZACIÓN | |
| Ubicación | ES-MaACL |
| Número de control de estantería | C-29207 |
| Sublocalización o colección | R.59573 |
| Estatus retirado | Estado de pérdida | Estado de daño | No para préstamo | Biblioteca de origen | Biblioteca actual | Ubicación en estantería | Fecha de adquisición | Fuente de adquisición | Total de préstamos | Signatura topográfica completa | Código de barras | Visto por última vez | Precio de reemplazo | Tipo de ítem Koha |
|---|---|---|---|---|---|---|---|---|---|---|---|---|---|---|
| Biblioteca del Ateneo de Madrid | Biblioteca del Ateneo de Madrid | Depósito 2 | 17/01/2008 | C-29207 | 1104919 | 23/02/2023 | 23/02/2023 | Libro impreso |
